Die bekanntesten Transferströme zwischen Bayern und Hoffenheim - Statistiken

Allgemein
  • Dieses Quiz wurde 62 mal gespielt
  • Das Durchschnittsergebnis liegt bei 6 aus 9
Antwortstatistiken
Saison Abgebender Verein Aufnehmender Verein Position Ablöse in € Spielername % Korrekt
2017/2018 Hoffenheim Bayern Innenverteidiger 20.000.000 Süle
95%
2017/2018 Hoffenheim Bayern Defensives MF ablösefrei Rudy
82%
2017/2018 Hoffenheim Bayern Mittelstürmer 13.000.000 Wagner
80%
2017/2018 Bayern Hoffenheim Rechtsaußen Leihe 1.000.000 Gnabry
75%
2010/2011 Bayern Hoffenheim Innenverteidiger Leihe Alaba
71%
2012/2013 Hoffenheim Bayern Torwart ablösefrei Starke
71%
2010/2011 Hoffenheim Bayern Defensives MF 17.000.000 Gustavo
66%
2020/2021 Bayern Hoffenheim Innenverteidiger Leihe Richards
36%
2010/2011 Bayern Hoffenheim Linker Verteidiger ablösefrei Braafheid
34%
Keine übereinstimmenden Quizze gefunden
Verteilung der Resultate
Anzahl Personen mit jedem Resultat
Perzentil nach korrekt beantworteten Fragen
Ihre Resultats-Entwicklung
Sie haben dieses Quiz noch nicht gespielt